000 01524cam a2200421 4500
001 19982
003 SK-KTurca
005 20260410193822.0
008 220527s2022 xo a ar 010 j slo
015 _aSNBA2022/11
020 _a9788022213103
_q(viazané)
040 _aTTKJF
_bslo
_cTTKJF
_dSNK
_erda
041 1 _aslo
_heng
044 _axo
_cSK
072 7 _a821.111-3
_xAnglická próza, anglicky písaná
_2konspekt
072 7 _a82-93
_xLiteratúra pre deti a mládež (poézia)
_2konspekt
080 _a821.111-32
_22011
080 _a82-93-053.4/.5
_22011
100 1 _aBright, Rachel,
_d1979-
_4aut
240 1 4 _aThe Whale Who Wanted More
_lSlovensky
245 1 0 _aVeľryba, čo chcela viac
_cRachel Brightová, Jim Field ; z anglického originálu The Whale Who Wanted More ... prebásnila Jana Kantorová-Báliková
250 _aVydanie I.
264 1 _aBratislava
_bTatran
_c2022
300 _a29 nečíslovaných strán
_bfarebné ilustrácie
_c31 cm
336 _atext
_btxt
_2rdacontent
336 _astatický obraz
_bsti
_2rdacontent
337 _abez média
_bn
_2rdamedia
338 _azväzok
_bnc
_2rdacarrier
500 _aPreložené z angličtiny
655 7 _aanglické príbehy
_2SNKPH
655 7 _aliteratúra pre deti
_2SNKPH
655 7 _aEnglish stories
_2SNKPHeng
655 7 _aChildren’s literature
_2SNKPHeng
700 1 _aField, Jim,
_d1980-
_4ill
700 1 _aKantorová-Báliková, Jana,
_d1951-
_4trl
787 0 8 _iZo série:
_tOdvážne zvieratká
942 _2ddc
_cKLDE
_n0
999 _c19982
_d19982